Movies Quiz

Random Movies or Disney Quiz

Disney's Hercules Characters by FMLs Quiz Stats

Quiz not verified by Sporcle

Challenge
Share
Tweet
Embed
Score 0/10 Timer 07:00
0 Plays Today
FML Name % Correct
Today, I found out that my over-achieving nephew is still alive with super strength, even though my minions poisoned him 18 years ago. FML Hades
98.8%
Today, I found out my uncle wants to kill me, and I don't have the right genetics to live with my parents. Oh, and my dad's a real stoner. FMLHercules
97.8%
Today, I sold my soul to this jerk for the guy I loved, who left me for another girl. FMLMeg
96%
Today, my brother tried to kill my only son because he's tired of all his dead-beat friends. FMLZeus
95.8%
Today, I was reintroduced to my owner: a hormonal scrawny kid. Not exactly the buff baby that was my best friend. FML.Pegasus
92.3%
Today, I got in trouble for wearing the sandals of my master's nemesis. FMLPain
89.1%
Today, my master tried to strangle me after my partner and I failed to kill his brother's baby eighteen years ago. FMLPanic
88.3%
Today, I had another hero wannabe show up to my place and scare off all the cute nymphs. FMLPhil
87.6%
Today, we realized that we're the only black girls in all of Greece. FMLThe Muses
81.7%
Today, my sisters and I lost our eyeball in our soup again. FMLThe Fates
78.3%

You're not logged in!

Compare scores with friends on all Sporcle quizzes.
Sign Up with Email
OR
Log In

You Might Also Like...

Show Comments

Extras

Top Quizzes Today


Score Distribution

Your Account Isn't Verified!

In order to create a playlist on Sporcle, you need to verify the email address you used during registration. Go to your Sporcle Settings to finish the process.

Report this User

Report this user for behavior that violates our Community Guidelines.

Details: